[Event "Titled Tue 3rd Jan Late"]
[Site "chess.com INT"]
[Date "2025.06.03"]
[Round "6"]
[White "Harriott, Tyrell"]
[Black "Loya Ibarra, Rigoberto"]
[Result "0-1"]
[WhiteElo "1924"]
[BlackElo "2069"]
[WhiteFideId "2086484"]
[BlackFideId "5110688"]
[EventDate "2025.06.03"]

1. d4 Nf6 2. e3 d5 3. Bd3 Nbd7 4. f4 Ne4 5. Nf3 c5 6. c3 c4 7. Bc2 Qb6 8. O-O h5
9. Nbd2 Ndf6 10. Ne5 Bg4 11. Nxg4 hxg4 12. Bxe4 g3 13. h3 Nxe4 14. Nxe4 dxe4 15.
Qg4 Qg6 16. Qxg6 fxg6 17. b3 Rc8 18. Bb2 e6 19. Rad1 Rh5 20. b4 a5 21. a3 a4 22.
Bc1 Kf7 23. Bd2 Be7 24. Be1 Bh4 25. Bd2 Rf5 26. Be1 b5 27. Bd2 Rf8 28. Bc1 Kg8
29. Rd2 g5 30. Rdd1 Kh7 31. fxg5 Bxg5 32. Rxf5 Rxf5 33. Rf1 Kg6 34. Rxf5 Kxf5
35. Kf1 Be7 36. Ke2 Bf6 37. Bd2 Be7 38. Be1 Bd6 39. Kf1 g5 40. Kg1 g4 41. hxg4+
Kxg4 42. Kf1 e5 43. Ke2 exd4 44. exd4 Kf4 45. Bd2+ Kf5 46. Be3 Bf4 47. Bxf4 Kxf4
48. Ke1 Kg5 49. Ke2 Kf4 50. Kd2 e3+ 51. Ke2 Ke4 52. d5 Kxd5 53. Kxe3 Ke5 54. Kf3
Kd5 55. Kxg3 Ke4 56. Kf2 Kd3 57. g4 Kxc3 58. g5 Kb3 59. g6 c3 60. g7 c2 61.
g8=Q+ Kb2 62. Qg7+ Kb1 63. Qg6 Ka1 64. Qf6+ Kb1 65. Qg6 Ka1 66. Qe6 c1=Q 67.
Qe5+ Qb2+ 68. Qxb2+ Kxb2 69. Ke2 Kxa3 70. Kd2 Kxb4 71. Kc2 a3 72. Kb1 Kc3 73.
Ka2 b4 74. Ka1 Kc2 0-1

[Event "Titled Tue 3rd Jan Late"]
[Site "chess.com INT"]
[Date "2025.06.03"]
[Round "6"]
[White "Guliev, Gasan"]
[Black "Chekletsov, Ilya"]
[Result "1-0"]
[WhiteTitle "CM"]
[BlackTitle "IM"]
[WhiteElo "2123"]
[BlackElo "2338"]
[WhiteFideId "34165638"]
[BlackFideId "24177156"]
[EventDate "2025.06.03"]

1. d4 Nf6 2. Bg5 e6 3. e4 h6 4. Bxf6 Qxf6 5. Nf3 b6 6. Bd3 Bb7 7. O-O g5 8. Nbd2
d6 9. Bb5+ Nd7 10. e5 Qe7 11. exd6 cxd6 12. Re1 Bg7 13. Ne4 a6 14. Bxd7+ Qxd7
15. d5 Bxd5 16. Qxd5 exd5 17. Nf6+ Kd8 18. Nxd7 Kxd7 19. c3 d4 20. Nxd4 Bxd4 21.
cxd4 Rhe8 22. Kf1 Kc6 23. Rac1+ Kd5 24. Rc7 Rxe1+ 25. Kxe1 Re8+ 26. Kd2 f5 27.
Rf7 f4 28. Rf6 Re6 29. Rxe6 Kxe6 30. Kd3 Kd5 31. f3 h5 32. a4 g4 33. fxg4 hxg4
34. h4 g3 35. Ke2 Kxd4 36. Kf3 Ke5 37. h5 Kf5 38. h6 Kg6 39. Kxf4 Kxh6 40. Kxg3
Kg5 41. Kf3 Kf5 42. Ke3 Ke5 43. g4 b5 44. a5 b4 45. b3 Kd5 46. Kd3 Ke5 47. Kc4
Ke4 48. Kxb4 d5 49. g5 d4 50. g6 d3 51. g7 d2 52. g8=Q d1=Q 53. Qc4+ Ke5 54.
Qxa6 Qd4+ 55. Qc4 Qd1 56. Kb5 Qd7+ 57. Qc6 Qd3+ 58. Qc4 Qd7+ 59. Kb4 Qd1 60.
Qc5+ Ke6 61. a6 1-0

[Event "Titled Tue 3rd Jan Late"]
[Site "chess.com INT"]
[Date "2025.06.03"]
[Round "6"]
[White "Vaganian, Rafael A"]
[Black "Gabrielian, Artur"]
[Result "0-1"]
[WhiteTitle "GM"]
[BlackTitle "GM"]
[WhiteElo "2449"]
[BlackElo "2419"]
[WhiteFideId "13300016"]
[BlackFideId "4131002"]
[EventDate "2025.06.03"]

1. d4 Nf6 2. Nf3 e6 3. e3 b6 4. Bd3 Bb7 5. O-O d5 6. c4 Nbd7 7. b3 Bd6 8. Bb2
O-O 9. Nbd2 Qe7 10. Ne5 c5 11. f4 cxd4 12. exd4 dxc4 13. bxc4 Ba3 14. Qb3 Bxb2
15. Qxb2 Rfd8 16. Rae1 Rac8 17. f5 Nxe5 18. Rxe5 Ng4 19. Re2 Qd6 20. Nf3 Bxf3
21. gxf3 Nf6 22. fxe6 fxe6 23. Rd1 Kh8 24. Bc2 Rxc4 25. Bb3 Rxd4 26. Rxd4 Qxd4+
27. Qxd4 Rxd4 28. Rxe6 h5 29. Kf2 Rb4 30. Ke3 Kh7 31. Rd6 Kh6 32. f4 a5 33. Rd8
g6 34. h3 Kg7 35. Rb8 a4 36. Rb7+ Kh6 37. Bf7 a3 38. Ra7 Rb2 39. Rxa3 Rh2 40.
Be6 Rg2 41. Kd4 h4 42. Ke5 Nh5 43. Ra8 Re2+ 44. Kd6 Nxf4 45. Rh8+ Kg5 46. Bc4
Rd2+ 47. Ke5 Nxh3 48. Be6 Nf4 49. Bc4 Rc2 50. Bb5 Rc5+ 51. Kd4 Rxb5 52. Re8 Rf5
53. Re4 h3 54. Re1 Kg4 55. Rh1 Ng2 56. Rg1 Kg3 57. Rh1 h2 58. Ke4 Rf2 59. Kd3
Rf3+ 60. Ke4 g5 61. a3 Re3+ 62. Kd4 Re1 63. a4 Rxh1 64. Kc4 Rc1+ 65. Kb5 h1=Q
66. Kxb6 Qd1 67. a5 Qd6+ 68. Kb5 Rc5+ 69. Kb4 Qd4+ 70. Kb3 Rc3+ 71. Kb2 Qd2+ 72.
Kb1 Rc1# 0-1

[Event "Titled Tue 3rd Jan Late"]
[Site "chess.com INT"]
[Date "2025.06.03"]
[Round "6"]
[White "Tahmasebi, Hamidreza"]
[Black "Jumabayev, Rinat"]
[Result "0-1"]
[WhiteTitle "FM"]
[BlackTitle "GM"]
[WhiteElo "2298"]
[BlackElo "2551"]
[WhiteFideId "12537527"]
[BlackFideId "13702661"]
[EventDate "2025.06.03"]

1. e4 c5 2. Nf3 e6 3. d4 cxd4 4. Nxd4 a6 5. c4 Qc7 6. Nc3 Nf6 7. Bd3 Bc5 8. Nb3
Be7 9. O-O d6 10. Be3 b6 11. Rc1 Nbd7 12. Nd4 Bb7 13. f3 O-O 14. Qd2 Rac8 15. b4
Qb8 16. Be2 Rfe8 17. a3 Bd8 18. Rfd1 h5 19. Qe1 h4 20. Nb3 d5 21. c5 bxc5 22.
Nxc5 Nxc5 23. Bxc5 dxe4 24. Nxe4 Nxe4 25. fxe4 Bg5 26. Rc3 Rcd8 27. Bf3 Qe5 28.
Rcd3 Rxd3 29. Rxd3 f5 30. Bd6 Qb5 31. Qe2 Rd8 32. exf5 Bxf3 33. Qxf3 Qxf5 34.
Kf2 Qxf3+ 35. Kxf3 Be7 36. Ke4 Rxd6 37. Rc3 Kf7 38. Rc7 g5 39. Ra7 Kf6 40. h3
Rc6 41. Kd3 Bd6 42. Rb7 Ke5 43. Ra7 Kf4 44. Rg7 Be5 45. Rg8 Rc3+ 46. Kd2 Rxa3
47. Ra8 Bc3+ 48. Kc2 Bxb4 49. Kb2 a5 50. Kc2 Rg3 51. Kd1 Ke5 52. Kc2 Rxg2+ 53.
Kd3 Rg3+ 54. Ke2 Rxh3 55. Kf2 Rg3 56. Kf1 h3 57. Rg8 Bc5 58. Rh8 g4 59. Rh5+ Kd6
60. Rh6 a4 61. Rh5 Rg1+ 62. Ke2 Rg2+ 63. Kd3 h2 64. Kc4 g3 65. Rh8 Rg1 66. Rd8+
Ke7 67. Rd2 h1=Q 68. Re2 Qd5+ 69. Kb5 Rb1+ 70. Ka6 Qa8# 0-1

[Event "Titled Tue 3rd Jan Late"]
[Site "chess.com INT"]
[Date "2025.06.03"]
[Round "6"]
[White "George, Kevin"]
[Black "Tymrakiewicz, Rafal"]
[Result "1-0"]
[WhiteTitle "IM"]
[BlackTitle "FM"]
[WhiteElo "2301"]
[BlackElo "2189"]
[WhiteFideId "10669515"]
[BlackFideId "1108832"]
[EventDate "2025.06.03"]

1. d4 d5 2. c4 c6 3. Nf3 Nf6 4. Nc3 a6 5. g3 Bf5 6. Bg2 e6 7. O-O h6 8. Nd2 Be7
9. e4 dxe4 10. Ndxe4 Nxe4 11. Nxe4 Nd7 12. Qb3 Qb6 13. Bf4 O-O 14. Qxb6 Nxb6 15.
b3 Nd7 16. Rad1 Bxe4 17. Bxe4 Nf6 18. Bf3 Rfd8 19. Rd2 Bb4 20. Rd3 Bd6 21. Be3
Rd7 22. Rfd1 Rc8 23. h4 Bb4 24. Kg2 Rcd8 25. g4 e5 26. g5 e4 27. gxf6 exd3 28.
fxg7 d2 29. d5 cxd5 30. Bxd5 Rxd5 31. cxd5 Rxd5 32. Bxh6 Rh5 33. Bg5 Kxg7 34.
Kf3 Rh8 35. Bxd2 Bxd2 36. Rxd2 Rxh4 37. Rd7 Rb4 38. Ke3 Kf6 39. f4 Ke6 40. Rc7
f5 41. Rh7 Re4+ 42. Kf3 Rb4 43. Rh6+ Ke7 44. Kg3 Kf7 45. Rd6 Ke7 46. Rd3 Ke6 47.
Rf3 Rd4 48. Kh4 Rd2 49. Re3+ Kf6 50. a4 Rg2 51. Kh3 Rg4 52. Rf3 Ke6 53. Re3+ Kf6
54. Rf3 a5 55. Kh2 Kg6 56. Kh3 Kh5 57. Kh2 Kg6 58. Kh3 Kf7 59. Kh2 Kf6 60. Kh3
b6 61. Kh2 Ke6 62. Rc3 Kd5 63. Rd3+ Ke4 64. Rd6 Kxf4 65. Rxb6 Rh4+ 66. Kg1 Kg4
67. Rg6+ Kf4 68. Ra6 Rh3 69. Rxa5 Rc3 70. Rb5 Kg3 71. Rxf5 1-0

[Event "Titled Tue 3rd Jan Late"]
[Site "chess.com INT"]
[Date "2025.06.03"]
[Round "6"]
[White "Becking, Stephan"]
[Black "Pulido Alvarez, Ariel"]
[Result "1-0"]
[WhiteTitle "IM"]
[BlackTitle "FM"]
[WhiteElo "2410"]
[BlackElo "2252"]
[WhiteFideId "4632478"]
[BlackFideId "3503011"]
[EventDate "2025.06.03"]

1. d4 Nf6 2. Nf3 g6 3. c3 Bg7 4. Bg5 d5 5. Nbd2 O-O 6. e3 Nbd7 7. Be2 c5 8. O-O
Qb6 9. Qb3 Re8 10. Rfe1 c4 11. Qxb6 axb6 12. a3 h6 13. Bh4 b5 14. Bd1 Nb6 15.
Bc2 Bf5 16. Bxf5 gxf5 17. Bxf6 Bxf6 18. Re2 e6 19. Rae1 Na4 20. Nf1 Kf8 21. g3
Ke7 22. h4 Rg8 23. Kg2 Kd6 24. Kh2 Nb6 25. Ng1 Nd7 26. Nh3 Be7 27. f3 Nf6 28.
Nf2 Kc6 29. e4 dxe4 30. fxe4 fxe4 31. Nxe4 Ng4+ 32. Kh3 Rg6 33. Nf2 Rag8 34.
Nxg4 Rxg4 35. Re3 Bd6 36. R1e2 R4g7 37. Rf2 Kd5 38. Ref3 f5 39. Re3 Rg6 40. Rff3
Rg4 41. Re2 h5 42. Rfe3 f4 43. gxf4 Bxf4 44. Rf3 e5 45. dxe5 Bxe5 46. Ne3+ Ke6
47. Nf1 Kd5 48. Rfe3 Bd6 49. Rd2+ Kc6 50. Rde2 Rg1 51. Rf2 Rh1+ 52. Nh2 Bxh2 53.
Rxh2 Rhg1 54. Rf3 R8g4 55. Re2 Kb6 56. Kh2 Ka5 57. Rh3 Ka4 58. Rf2 Kb3 59. Re3
Rb1 60. Ree2 Rd1 61. Rc2 Rdg1 62. Rce2 b6 63. Rd2 1-0

[Event "Titled Tue 3rd Jan Late"]
[Site "chess.com INT"]
[Date "2025.06.03"]
[Round "6"]
[White "Ismagilov, Damir"]
[Black "Rosenberg, Evan S"]
[Result "1-0"]
[WhiteTitle "CM"]
[WhiteElo "2173"]
[BlackElo "1989"]
[WhiteFideId "34199982"]
[BlackFideId "2019299"]
[EventDate "2025.06.03"]

1. e4 e5 2. Nf3 Nf6 3. Nxe5 d6 4. Nf3 Nxe4 5. d3 Nf6 6. d4 Be7 7. Bd3 O-O 8. O-O
c5 9. c4 d5 10. cxd5 Nxd5 11. dxc5 Bxc5 12. Bxh7+ Kxh7 13. Qc2+ Kg8 14. Qxc5 Be6
15. Nc3 Nd7 16. Qd4 Nxc3 17. Qxc3 Rc8 18. Qa3 Bd5 19. Bg5 Qb6 20. Be3 Qg6 21.
Bf4 Rc6 22. Bg3 Ra6 23. Qe7 Bxf3 24. Qxd7 Bc6 25. Qd4 Ra4 26. b4 a5 27. a3 axb4
28. axb4 Rxa1 29. Rxa1 Re8 30. h3 Qc2 31. Be5 Qg6 32. Bg3 Re4 33. Qd8+ Re8 34.
Qd2 Qe4 35. f3 Qg6 36. Kh2 Qf6 37. Ra5 Rd8 38. Qg5 Qxg5 39. Rxg5 Rd2 40. Rf5 Rb2
41. Bd6 g6 42. Rf6 Bd5 43. Kg3 Be6 44. Rf4 f5 45. h4 Kf7 46. Rd4 Kf6 47. Bf4 Rc2
48. Rd6 Rc4 49. Rb6 Rc2 50. Rxb7 Bc4 51. Rb6+ Kf7 52. Rc6 Bd3 53. Rxc2 Bxc2 54.
b5 Bd3 55. b6 Ba6 56. Be5 Bb7 57. Kf4 Ke6 58. Bd4 Kf7 59. Ke5 Bc6 60. Kd6 Ba8
61. Kc7 Ke6 62. b7 Bxb7 63. Kxb7 Kd5 64. Bf6 Kc4 65. Bg5 Kd3 66. f4 Ke3 67. Kc7
Kf2 68. Kd7 Kxg2 69. Ke6 Kh3 70. Kf6 Kg3 71. Kxg6 Kg4 72. h5 Kf3 73. h6 Kg4 74.
h7 Kg3 75. h8=Q Kg2 76. Qc3 Kh2 77. Kxf5 Kg2 78. Kg4 Kf2 79. Qf3+ Ke1 80. Qg2
Kd1 81. f5 Ke1 82. Kf3 Kd1 83. Qd2# 1-0

[Event "Titled Tue 3rd Jan Late"]
[Site "chess.com INT"]
[Date "2025.06.03"]
[Round "6"]
[White "Fomevor, Cephas Clinton"]
[Black "Ocampos, Ian"]
[Result "0-1"]
[WhiteTitle "CM"]
[WhiteElo "1883"]
[BlackElo "2219"]
[WhiteFideId "12601330"]
[BlackFideId "117544"]
[EventDate "2025.06.03"]

1. d4 Nf6 2. c4 g6 3. Nf3 Bg7 4. Nc3 d5 5. Bg5 c5 6. e3 cxd4 7. exd4 O-O 8. Bxf6
Bxf6 9. cxd5 Bg7 10. Be2 a6 11. O-O b5 12. a3 Bb7 13. Qb3 Nd7 14. Rad1 Nb6 15.
a4 Nxd5 16. axb5 axb5 17. Qxb5 Rb8 18. Qa4 Nf4 19. Ne5 Bxg2 20. Nc6 Bxc6 21.
Qxc6 Rxb2 22. Bf3 Nh3+ 23. Kg2 Nf4+ 24. Kh1 Bxd4 25. Nb5 e5 26. Nxd4 exd4 27.
Qe4 Ne6 28. Bg4 Rb6 29. Bxe6 Rxe6 30. Qxd4 Qa8+ 31. f3 Rfe8 32. Kg2 h5 33. Rf2
Qc6 34. Qd5 Qc3 35. Qd3 Qf6 36. Qd7 Qg5+ 37. Kf1 Qh4 38. Qd2 Qh3+ 39. Kg1 Rb8
40. Re1 Rbe8 41. Rxe6 Rxe6 42. Qd1 Qf5 43. Qf1 h4 44. Kh1 h3 45. Qg1 Qa5 46. Rf1
Re2 47. Qg3 Qf5 48. Rd1 Kg7 49. Rg1 Rd2 50. Re1 Rg2 51. Qe5+ Qxe5 52. Rxe5 Kf6
53. Re4 Rf2 54. Re3 Kf5 55. Kg1 Rg2+ 56. Kh1 Kf4 57. Rb3 Rf2 58. Kg1 Rxf3 59.
Rb4+ Kg5 60. Rb5+ f5 61. Rb8 Kh5 62. Rh8+ Kg4 63. Rc8 g5 64. Rc2 f4 65. Rf2 Rxf2
66. Kxf2 Kf5 67. Kf3 g4+ 68. Kf2 Kg5 69. Kg1 Kh4 70. Kf2 g3+ 71. hxg3+ fxg3+ 72.
Kg1 Kg4 73. Kh1 Kf3 74. Kg1 h2+ 75. Kh1 g2+ 76. Kxh2 Kf2 77. Kh3 g1=Q 78. Kh4
Kf3 0-1

[Event "Titled Tue 3rd Jan Late"]
[Site "chess.com INT"]
[Date "2025.06.03"]
[Round "6"]
[White "Cernov, Henrik"]
[Black "Yazici, Ugur Doga"]
[Result "1-0"]
[WhiteTitle "FM"]
[BlackTitle "CM"]
[WhiteElo "2325"]
[BlackElo "2161"]
[WhiteFideId "16258312"]
[BlackFideId "6363342"]
[EventDate "2025.06.03"]

1. e4 e5 2. Nf3 Nc6 3. Bb5 Nf6 4. d3 d6 5. O-O Bd7 6. c4 a6 7. Bxc6 Bxc6 8. Nc3
Be7 9. Nd5 Nxd5 10. cxd5 Bd7 11. d4 exd4 12. Qxd4 O-O 13. Be3 Bg4 14. Nd2 Bf6
15. Qb4 a5 16. Qxb7 Rb8 17. Qa6 Rxb2 18. Nc4 Be2 19. Rfe1 Rc2 20. Rac1 Bxc4 21.
Qxa5 Bd3 22. f3 Bg5 23. Bxg5 Qxg5 24. Rxc2 Bxc2 25. Qxc7 Qd2 26. Rf1 Bd3 27. Qc1
Qxa2 28. Rd1 Qe2 29. Qd2 Qxd2 30. Rxd2 Bb5 31. Rb2 Rb8 32. Kf2 Kf8 33. Ke3 Ke7
34. Kd4 Rb7 35. f4 Ba6 36. Ra2 Rb4+ 37. Ke3 Bb7 38. Rc2 Kd7 39. g4 Rb3+ 40. Kf2
f6 41. Ra2 g5 42. f5 Kc7 43. Rc2+ Kb6 44. Rc4 Rb5 45. Ke3 Rc5 46. Rb4+ Kc7 47.
Rb2 Rc3+ 48. Kf2 Rh3 49. Kg2 Re3 50. Rb4 Ba6 51. Kf2 Rc3 52. Ra4 Kb6 53. Rb4+
Kc5 54. Rb8 Kd4 55. Re8 Re3 56. Re6 Rxe4 57. Rxd6 Bc4 58. Rxf6 Bxd5 59. h3 Rf4+
60. Kg3 Rf3+ 61. Kh2 Ke5 62. Rb6 Rf2+ 63. Kg1 Rg2+ 64. Kf1 Rh2 65. Rh6 Bg8 66.
Rh5 Kf4 67. f6 Kg3 68. Rxg5 Bc4+ 69. Ke1 Rh1+ 70. Kd2 Rxh3 71. Rg7 Rh2+ 72. Kc3
Be6 73. g5 Kf4 74. Kd4 Rd2+ 75. Kc5 Rc2+ 76. Kd6 Rh2 77. Kxe6 Re2+ 78. Kf7 1-0

[Event "Titled Tue 3rd Jan Late"]
[Site "chess.com INT"]
[Date "2025.06.03"]
[Round "6"]
[White "Gharibyan, Mamikon"]
[Black "Garzon Zapatanga, Christopher Leonel"]
[Result "1-0"]
[WhiteTitle "GM"]
[BlackTitle "FM"]
[WhiteElo "2472"]
[BlackElo "2168"]
[WhiteFideId "13308300"]
[BlackFideId "3634787"]
[EventDate "2025.06.03"]

1. d4 Nf6 2. c4 e6 3. Nc3 Bb4 4. e3 b6 5. Ne2 Bb7 6. a3 Bxc3+ 7. Nxc3 O-O 8. Bd3
d5 9. O-O Nbd7 10. cxd5 exd5 11. b4 c5 12. bxc5 bxc5 13. Rb1 Bc6 14. dxc5 Nxc5
15. Bf5 Qa5 16. Qd4 Ne6 17. Bxe6 fxe6 18. Qe5 Rfe8 19. Rb4 Nd7 20. Qg3 Rab8 21.
Rxb8 Rxb8 22. Bd2 Qxa3 23. Qc7 Qa6 24. Rc1 Qb6 25. Qd6 Nf8 26. h4 Rd8 27. Qg3 a5
28. Ne2 Be8 29. Bc3 Qb7 30. Bxa5 Rc8 31. Rxc8 Qxc8 32. Bc3 Qd7 33. Nf4 Qf7 34.
h5 Bd7 35. Be5 g6 36. h6 Qf5 37. Bc3 Bc6 38. Ne2 Qb1+ 39. Kh2 Qf5 40. Qh4 e5 41.
f3 g5 42. Qh5 Qg6 43. Qxg6+ Nxg6 44. Ng3 Kf7 45. Nf5 Kf6 46. Nd6 Bd7 47. Kg3 Ne7
48. Nb7 Nf5+ 49. Kf2 d4 50. exd4 exd4 51. Bb2 Ke5 52. Nc5 Bc6 53. Nd3+ Kd6 54.
g4 Nxh6 55. Bxd4 Nf7 56. Bf6 Bb5 57. Nb4 Ke6 58. Bg7 Bc4 59. Nc2 Bd5 60. Nd4+
Ke7 61. Nf5+ Ke6 62. Ke3 Bc6 63. Nd4+ Kd5 64. Nxc6 Kxc6 65. Ke4 Kd6 66. Kf5 Ke7
67. Bf6+ Kf8 68. Bxg5 Nd6+ 69. Ke6 Nc4 70. Bh6+ Kg8 71. Kd5 Nb6+ 72. Ke6 Nc4 73.
f4 Ne3 74. g5 Ng4 75. f5 Kh8 76. f6 Nxh6 77. gxh6 Kg8 78. Ke7 Kh8 79. Ke8 Kg8
80. f7+ Kh8 81. f8=Q# 1-0

[Event "Titled Tue 3rd Jan Late"]
[Site "chess.com INT"]
[Date "2025.06.03"]
[Round "6"]
[White "Garcia, Jhoel"]
[Black "Drygalov, Andrey"]
[Result "1-0"]
[WhiteTitle "IM"]
[BlackTitle "GM"]
[WhiteElo "2304"]
[BlackElo "2431"]
[WhiteFideId "3801110"]
[BlackFideId "24171735"]
[EventDate "2025.06.03"]

1. Nf3 d5 2. b3 Nf6 3. Bb2 Bf5 4. e3 e6 5. c4 Be7 6. Nc3 c6 7. d3 O-O 8. Be2
Nbd7 9. Nh4 Bg6 10. Nxg6 hxg6 11. O-O Bd6 12. d4 Qe7 13. Bf3 Rfe8 14. Qe2 Rad8
15. e4 dxe4 16. Nxe4 Nxe4 17. Bxe4 Nf6 18. Bf3 Qc7 19. h3 e5 20. c5 Bf8 21. dxe5
Nd7 22. Rfe1 Nxc5 23. Rad1 Ne6 24. Bg4 Bb4 25. Rxd8 Rxd8 26. Rd1 Rxd1+ 27. Qxd1
Qe7 28. Qc2 Ba5 29. g3 Bb6 30. Kg2 Nc7 31. h4 Nd5 32. Bf3 Qe6 33. Qc4 Kh7 34. h5
gxh5 35. Bxh5 g6 36. Bg4 Qe7 37. Bf3 Qe6 38. Qh4+ Kg8 39. Bg4 Qe7 40. Qh6 Qc5
41. Qd2 Qe7 42. e6 f6 43. Qh6 Qg7 44. Qh4 Bd8 45. e7 Qxe7 46. Qh3 Kg7 47. Bf3
Bb6 48. Bc1 g5 49. Qf5 Qc5 50. Be4 Kf8 51. Bxg5 Qxf2+ 52. Qxf2 Bxf2 53. Bh6+ Ke7
54. Kxf2 Nc3 55. Bd3 Nxa2 56. Bd2 c5 57. Bb1 Nb4 58. Bxb4 cxb4 59. Ke3 a5 60.
Kd4 b5 61. Kc5 a4 62. Kxb4 axb3 63. Kxb3 Kd6 64. g4 Ke5 65. Bf5 Kd5 66. Kb4 Kc6
67. Be4+ Kb6 68. Bd3 Kc6 69. Bxb5+ Kd5 70. Bd7 Ke5 71. Bf5 Kf4 72. Kc5 Kg5 73.
Kd6 Kh4 74. Ke7 Kg5 75. Kf7 Kh6 76. Be6 Kg5 77. Kg7 f5 78. gxf5 1-0

[Event "Titled Tue 3rd Jan Late"]
[Site "chess.com INT"]
[Date "2025.06.03"]
[Round "6"]
[White "Garcia Hernandez, Rebeca"]
[Black "Amarasinghe, A A C B"]
[Result "0-1"]
[WhiteTitle "WCM"]
[BlackTitle "CM"]
[WhiteElo "1903"]
[BlackElo "1949"]
[WhiteFideId "5180872"]
[BlackFideId "9901809"]
[EventDate "2025.06.03"]

1. Nf3 Nf6 2. g3 b6 3. Bg2 Bb7 4. O-O e6 5. c4 c5 6. d4 cxd4 7. Qxd4 Be7 8. Nc3
d6 9. e4 a6 10. b3 Nbd7 11. Bb2 Qc7 12. Rfe1 O-O 13. Rad1 Rfd8 14. h3 Rac8 15.
Rc1 Qb8 16. h4 Qa8 17. Ba1 Nc5 18. Nd2 e5 19. Qe3 Ng4 20. Qe2 h5 21. b4 Ne6 22.
Nd5 Bxd5 23. cxd5 Nd4 24. Bxd4 exd4 25. Nf3 Bf6 26. Qd2 a5 27. Nxd4 axb4 28. Nc6
Re8 29. Nxb4 Qa3 30. Nc6 Qa4 31. Qc2 Qxc2 32. Rxc2 Ne5 33. Rec1 Nd3 34. Rb1 Nc5
35. f3 Na4 36. Kh2 Kh7 37. Rc4 Nc3 38. Rxb6 Nxa2 39. Ra4 Nc3 40. Rc4 Ra8 41. Rb3
Ne2 42. Rc2 Nd4 43. Nxd4 Bxd4 44. Rd3 Be5 45. Rdd2 Ra3 46. Ra2 Rea8 47. Rxa3
Rxa3 48. Rc2 g6 49. Rc6 Ra1 50. f4 Bd4 51. Rxd6 Bg1+ 52. Kh3 Bf2 53. e5 Ra3 54.
e6 Rxg3+ 55. Kh2 fxe6 56. dxe6 Re3 57. Rd7+ Kh6 58. e7 Bg3+ 59. Kg1 Bxf4 60. Bf1
Bg3 61. Bc4 Bxh4 62. Bf7 Rxe7 63. Rxe7 Bxe7 64. Kg2 g5 65. Bxh5 Kxh5 66. Kg3 g4
67. Kg2 Kg5 68. Kg3 Bd6+ 69. Kg2 Kh4 70. Kh1 g3 71. Kg1 Kg4 72. Kg2 Be5 73. Kg1
Kh3 74. Kh1 g2+ 75. Kg1 Bd4# 0-1

[Event "Titled Tue 3rd Jan Late"]
[Site "chess.com INT"]
[Date "2025.06.03"]
[Round "6"]
[White "Navoyan, Gagik"]
[Black "Yadegar, Radin"]
[Result "1-0"]
[WhiteTitle "CM"]
[BlackTitle "FM"]
[WhiteElo "2186"]
[BlackElo "2387"]
[WhiteFideId "13314866"]
[BlackFideId "42519985"]
[EventDate "2025.06.03"]

1. e4 g6 2. d4 Bg7 3. Nc3 c5 4. Be3 cxd4 5. Bxd4 Nf6 6. e5 Nh5 7. Nge2 f6 8.
exf6 Nxf6 9. Ng3 Nc6 10. Be3 Qa5 11. Be2 Nd5 12. O-O Nxe3 13. fxe3 e6 14. Nge4
d5 15. Nd6+ Ke7 16. Rf7+ Kxd6 17. Nb5+ Kc5 18. c3 Qd8 19. b4+ Kb6 20. a4 a5 21.
bxa5+ Rxa5 22. Rxg7 Qf6 23. Rc7 Rxb5 24. Rxc6+ bxc6 25. axb5 cxb5 26. Qb3 Bd7
27. Bxb5 Bxb5 28. Rb1 Rc8 29. Qxb5+ Kc7 30. Qc5+ Kd8 31. Qd6+ Ke8 32. Rb7 Rd8
33. Qc7 Ra8 34. h3 h5 35. Qd6 Rd8 36. Qc7 Kf8 37. Qh7 Ra8 38. Qc7 h4 39. Kh2 Re8
40. Qd6+ Kg8 41. Qd7 Ra8 42. Qh7+ Kf8 43. Qc7 g5 44. Qd6+ Kg8 45. Re7 g4 46.
hxg4 h3 47. Qxe6+ Qxe6 48. Rxe6 hxg2 49. Kxg2 Ra3 50. Rc6 Kf7 51. Kf3 Ke7 52.
Kf4 Kd7 53. Rc5 Kd6 54. Rc8 Kd7 55. Rf8 Rxc3 56. g5 Rc1 57. Ke5 Rg1 58. Rf5 Rg3
59. Kf6 Kd6 60. g6 Rxe3 61. g7 Re8 62. Rh5 Re6+ 63. Kf7 Re7+ 64. Kg6 Re6+ 65.
Kh7 Re7 66. Kh8 Re8+ 67. g8=Q Rxg8+ 68. Kxg8 d4 69. Kf7 d3 70. Rh3 1-0

[Event "Titled Tue 3rd Jan Late"]
[Site "chess.com INT"]
[Date "2025.06.03"]
[Round "6"]
[White "Atanasov, Anthony"]
[Black "Martinez Alcantara, Jose Eduardo"]
[Result "1-0"]
[WhiteTitle "IM"]
[BlackTitle "GM"]
[WhiteElo "2402"]
[BlackElo "2611"]
[WhiteFideId "2623897"]
[BlackFideId "3805662"]
[EventDate "2025.06.03"]

1. d4 Nf6 2. Nf3 e6 3. Bf4 b6 4. e3 Bb7 5. Nbd2 d6 6. a4 a6 7. h3 Nbd7 8. Bh2 h6
9. Be2 Be7 10. c3 O-O 11. O-O c5 12. Re1 cxd4 13. exd4 Re8 14. Nc4 Qc7 15. Bd3
Bf8 16. Bf1 Bc6 17. Nfd2 b5 18. axb5 axb5 19. Na3 Rab8 20. Nc2 Nd5 21. Ne4 N7f6
22. Nxf6+ Nxf6 23. Nb4 Rb6 24. Nxc6 Qxc6 25. Ra7 d5 26. Qa1 Bd6 27. Bxd6 Qxd6
28. Qa5 Reb8 29. Ra8 Rxa8 30. Qxa8+ Rb8 31. Qa7 b4 32. Ra1 bxc3 33. bxc3 Qb6 34.
Qxb6 Rxb6 35. Ra8+ Kh7 36. Ra7 Rb1 37. f3 Kg8 38. Ra8+ Kh7 39. Ra7 Ne8 40. Rxf7
Kg6 41. Re7 Nf6 42. Rxe6 Rc1 43. Rc6 Kf7 44. Kf2 Rc2+ 45. Be2 Nh5 46. Rc7+ Kf6
47. Rc6+ Ke7 48. g3 Nxg3 49. Kxg3 Rxe2 50. Rc7+ Kf6 51. Rd7 Rc2 52. Rd6+ Ke7 53.
Rg6 Kf7 54. Rc6 Rd2 55. Kf4 Rd3 56. h4 g5+ 57. hxg5 hxg5+ 58. Ke5 Rxf3 59. Kxd5
g4 60. Ke4 Rf2 61. Ke3 g3 62. Rc5 Rc2 63. Kd3 Rf2 64. Rg5 Rf3+ 65. Ke4 Kf6 66.
Kxf3 Kxg5 67. Kxg3 Kf5 68. Kf3 Ke6 69. Ke3 Kd6 70. Kd3 Kd7 71. c4 Kd8 72. c5 Kc8
73. Kc4 Kd8 74. d5 Kc8 75. d6 Kd8 76. Kd5 Kc8 77. c6 Kd8 78. Ke6 Kc8 79. Ke7 Kb8
80. d7 Ka7 81. d8=Q Ka6 82. Qb8 Ka5 83. Qb7 Ka4 84. c7 Ka3 85. c8=Q 1-0

[Event "Titled Tue 3rd Jan Late"]
[Site "chess.com INT"]
[Date "2025.06.03"]
[Round "6"]
[White "Ferriz Barrios, Andres"]
[Black "Schnaider, Ilan"]
[Result "0-1"]
[WhiteTitle "FM"]
[BlackTitle "IM"]
[WhiteElo "2102"]
[BlackElo "2388"]
[WhiteFideId "5104467"]
[BlackFideId "169013"]
[EventDate "2025.06.03"]

1. d4 d5 2. c4 dxc4 3. e4 e5 4. Nf3 exd4 5. Bxc4 Bb4+ 6. Bd2 Bxd2+ 7. Nbxd2 Ne7
8. Nb3 O-O 9. Qxd4 Qe8 10. O-O Nbc6 11. Qc3 Ng6 12. g3 Qxe4 13. Rfe1 Qg4 14. Nc5
Bf5 15. Be2 Nf4 16. Bf1 Nh3+ 17. Bxh3 Qxh3 18. Nxb7 Nd8 19. Nc5 Ne6 20. Nxe6
fxe6 21. Ng5 Qg4 22. f4 h6 23. Ne4 Rad8 24. Nf2 Qg6 25. Re2 h5 26. Rae1 h4 27.
Re3 Rd5 28. Kh1 Qh5 29. Rg1 Bh7 30. Rxe6 Rd7 31. Re5 Qh6 32. Rg5 c5 33. gxh4
Qc6+ 34. R1g2 Rff7 35. h3 Be4 36. Nxe4 Qxe4 37. Qxc5 Rd1+ 38. Kh2 Qxf4+ 39. R5g3
Qf1 40. Rc3 Qh1+ 41. Kg3 Qe1+ 42. Kh2 Qe6 43. Qc8+ Qxc8 44. Rxc8+ Kh7 45. Rc5
Rb7 46. b3 Ra1 47. Ra5 Rc7 48. Kg3 Rc3+ 49. Kg4 Rc7 50. Rh5+ Kg8 51. Rg5 Kh7 52.
h5 Rc6 53. Kh4 Rc7 54. R5g4 Rac1 55. a4 a5 56. R2g3 R1c5 57. Rg5 Rc2 58. Rxa5
Rd2 59. Rag5 Rd4+ 60. R5g4 Rd5 61. Rg5 Rd4+ 62. R3g4 Rd3 63. Rb5 Rcc3 64. Rb7
Rxh3+ 65. Kg5 Rhf3 66. Rc4 Rg3+ 67. Kf4 Rcf3+ 68. Ke5 Rg5+ 69. Ke4 Rfg3 70. Rcc7
Rxh5 71. Kf4 Rd3 72. Rxg7+ Kh8 73. Rg5 Rh4+ 74. Rg4 Rh6 75. Kg5 Rhd6 76. Rh4+
Kg8 77. Rg4 Kh8 78. Rb5 Rd2 79. b4 Rd7 80. Rh4+ Kg8 81. Kh5 Kh8 82. Rg4 Kh7 83.
Rb6 Rh2+ 84. Kg5 Rf7 85. Rg6 Rh1 86. Rb6 Rg7+ 87. Kf4 Rf1+ 88. Kg3 Rg1+ 89. Kh4
R1xg4+ 90. Kh5 R7g5# 0-1